<?xml version="1.0" encoding="UTF-8"?>
<record
    xmlns:xsi="http://www.w3.org/2001/XMLSchema-instance"
    xsi:schemaLocation="http://www.loc.gov/MARC21/slim http://www.loc.gov/standards/marcxml/schema/MARC21slim.xsd"
    xmlns="http://www.loc.gov/MARC21/slim">

  <leader>01082nam a22001577a 4500</leader>
  <controlfield tag="008">160517b        xxu||||| |||| 00| 0 eng d</controlfield>
  <datafield tag="020" ind1=" " ind2=" ">
    <subfield code="a">9780176500474</subfield>
  </datafield>
  <datafield tag="050" ind1=" " ind2=" ">
    <subfield code="a">QA303.2.L69</subfield>
  </datafield>
  <datafield tag="100" ind1=" " ind2=" ">
    <subfield code="a">Lovric, Miroslav</subfield>
  </datafield>
  <datafield tag="245" ind1=" " ind2=" ">
    <subfield code="a">Calculus... Fear no more: a review and reference for college and university courses. /</subfield>
    <subfield code="c">Miroslav Lovric</subfield>
  </datafield>
  <datafield tag="260" ind1=" " ind2=" ">
    <subfield code="a">Toronto:</subfield>
    <subfield code="b">Nelson Education ltd,</subfield>
    <subfield code="c">2011.</subfield>
  </datafield>
  <datafield tag="300" ind1=" " ind2=" ">
    <subfield code="a">xvi,176p.:</subfield>
    <subfield code="b">ill.;</subfield>
  </datafield>
  <datafield tag="500" ind1=" " ind2=" ">
    <subfield code="a">Includes Index</subfield>
  </datafield>
  <datafield tag="505" ind1=" " ind2=" ">
    <subfield code="a">Contents: What is in this book? -- How do i use this book? -- Why background knowledge matters? -- How does math in university differ from high school math? -- How to be successful in math -- What else is important --Value your lecture/Tutorial notes -- The transition to university -- Numbers and operations -- Basic algebra -- Basic facts and formulas from Geometry -- Equations and Inequalities -- Elements of Analytic Geometry --Functions -- Trigonometric functions -- exponential and logarithmic functions --Mathematical language -- Mathematical thinking and logic -- Answers to exercises  -- Index</subfield>
  </datafield>
  <datafield tag="942" ind1=" " ind2=" ">
    <subfield code="2">lcc</subfield>
    <subfield code="c">BK</subfield>
  </datafield>
  <datafield tag="999" ind1=" " ind2=" ">
    <subfield code="c">5940</subfield>
    <subfield code="d">13440</subfield>
  </datafield>
  <datafield tag="952" ind1=" " ind2=" ">
    <subfield code="0">0</subfield>
    <subfield code="1">0</subfield>
    <subfield code="2">lcc</subfield>
    <subfield code="4">0</subfield>
    <subfield code="7">0</subfield>
    <subfield code="a">WIUC-1</subfield>
    <subfield code="b">WIUC-1</subfield>
    <subfield code="c">REF</subfield>
    <subfield code="d">2016-05-17</subfield>
    <subfield code="l">0</subfield>
    <subfield code="o">QA303.2.L69</subfield>
    <subfield code="p">8076/038/16</subfield>
    <subfield code="r">2016-05-17 00:00:00</subfield>
    <subfield code="t">1</subfield>
    <subfield code="w">2016-05-17</subfield>
    <subfield code="y">BK</subfield>
  </datafield>
</record>
